000 00276nam a22000977a 4500
005 20250901165609.0
008 240207b |||||||| |||| 00| 0 eng d
050 _aHD62.5 .H57 2008
245 _aENTREPRENEURSHIP
_cHisrich, Robert
942 _2lcc
_hHD62.5 .H57 2008
999 _c6452
_d6452